MARC

Tag First Indicator Second Indicator Subfields
LEADER 00000cam a22000001i 4500
001 in00000031874
005 20241023130400.0
008 751126s1954 pau j 000 1 eng
010 |a  54009416  
016 |a (AMICUS)000008109023 
019 |a 742020  |a 5717791  |a 976846048 
029 1 |a AU@  |b 000000635486 
029 1 |a HEBIS  |b 107431254 
029 1 |a NLC  |b 000008109023 
029 1 |a UKYLI  |b CX0222297X 
035 |a (OCoLC)ocm00302759  
035 |a (OCoLC)302759  |z (OCoLC)742020  |z (OCoLC)5717791  |z (OCoLC)976846048 
035 |a (OCoLC)ocm00302759  
040 |a DLC  |b eng  |c WRJ  |d DLC  |d BAKER  |d BTCTA  |d OCLCG  |d UBY  |d VVW  |d VICSF  |d YVO  |d TXIPL  |d QS8  |d OCLCF  |d OCLCQ  |d OCLCO  |d SOI  |d AUY  |d OCLCQ  |d CSJ  |d NLC  |d OCLCQ  |d GILDS  |d OCLCO  |d OCLCA  |d CPO  |d OCLCQ  |d OKX  |d OCLCO  |d OCL  |d OCLCO  |d OCLCL  |d UAU  |d OCLCQ 
043 |a n-us-ms 
050 0 0 |a PZ7.S915  |b Go 
050 1 4 |a J 
082 0 4 |a [Fic]  |b S9154go 
100 1 |a Street, James H.  |q (James Howell),  |d 1903-1954.  |1 https://id.oclc.org/worldcat/entity/E39PBJmdrjc9HftHQCMbFgGJXd 
245 1 0 |a Good-bye, my Lady. 
250 |a [1st ed.]. 
260 |a Philadelphia :  |b Lippincott,  |c [1954] 
300 |a 222 pages ;  |c 21 cm 
336 |a text  |b txt  |2 rdacontent 
337 |a unmediated  |b n  |2 rdamedia 
338 |a volume  |b nc  |2 rdacarrier 
500 |a Previously published in the Saturday evening post, Dec. 6, 1941, under title: Weep no more, my lady. 
520 |a Story about the loyalty and courage of a boy who finds a dog. 
650 0 |a Dogs  |v Juvenile fiction. 
651 0 |a Mississippi  |v Juvenile fiction. 
650 1 |a Dogs  |v Fiction. 
650 6 |a Chiens  |v Romans, nouvelles, etc. pour la jeunesse. 
651 6 |a Mississippi  |v Romans, nouvelles, etc. pour la jeunesse. 
650 7 |a Dogs  |2 fast 
651 7 |a Mississippi  |2 fast  |1 https://id.oclc.org/worldcat/entity/E39PBJgxpvDfT9yvtDg4ddFR8C 
650 7 |a Inuits  |z Canada  |z Territoires du Nord-Ouest (Canada)  |2 ram 
653 0 |a Northwest Territories 
653 0 |a Northwest Territories, District of Mackenzie 
653 0 |a Missionary Activities 
653 0 |a Eskimos, Customs 
653 0 |a Inuit, Customs 
655 7 |a novels.  |2 aat 
655 7 |a Novels  |2 fast 
655 7 |a Fiction  |2 fast 
655 7 |a Juvenile works  |2 fast 
655 7 |a Fiction.  |2 lcgft 
655 7 |a Novels.  |2 lcgft 
655 7 |a Romans.  |2 rvmgf 
776 0 8 |i Online version:  |a Street, James H. (James Howell), 1903-1954.  |t Good-bye, my Lady.  |b [1st ed.].  |d Philadelphia : Lippincott, [1954]  |w (OCoLC)575892678 
938 |a Baker & Taylor  |b BKTY  |c 12.95  |d 9.71  |i 0397000499  |n 0000435735  |s active 
938 |a Baker and Taylor  |b BTCP  |n 54009416 /L/r90 
948 |h HELD BY TXA - 647 OTHER HOLDINGS 
994 |a Z0  |b TXA 
999 f f |s 86230664-8bf9-3f0f-ba9e-c1a75808774e  |i 10bbfcdf-abad-388a-8f29-0f80e30d4dc6  |t 0 
952 f f |p ric  |a Texas A&M University  |b Rellis Campus  |c Joint Library Facility  |s JLF  |d Remote Storage  |t 0  |e PS3537.T8278 G66 1954  |h Library of Congress classification  |i unmediated -- volume  |m A14801252259